000 01164aam a2200313 i 4500
001 307
003 CO-MdBIC
005 20211002114424.0
008 211002t1984 sp ||||| |||| 00| 0 eng d
020 _a84-01-60245-9
040 _bspa.
_aCO-MdFUSB
_cCO-MdFUSB
_dCO-MdFUSBC
_erda
041 _aspa
082 0 4 _aR 370.1 N274e
100 1 _aNathan, Fernand
245 1 0 _aEnciclopedia de la pedagogía : Psicología y pedagogía / Fernand Nathan; Lorenzo Cortina, Traductor
_c/
260 _aBarcelona, España : Plaza y Janés
264 1 _aBarcelona, España :
_bPlaza y Janés,
_c[1984]
264 1 _c© 1984
300 _a199 Pag.
_c;
336 _2rdacontent
_atexto
_btxt
337 _2rdamedia
_asin mediación
_bn
338 _2rdacarrier
_avolumen
_bnc
505 _aVol. 1 : Reséña histórica de la pedagogía, niveles de la pedagogía,ámbito de la pedagogía. Vol. 2 : Técnicas nuevas al servicio de la enseñanza, la pedagogía de los pedagogos, adaptación al medio escolar, la enseñansa sometida a la revisión.
653 _aEnciclopedia
653 _aPedagógica
653 _aPsicología
942 _cBK
945 _aEstudiante
999 _c31843
_d31843